| 000 | 00913nas a2200313 4500 | ||
|---|---|---|---|
| 001 | BR0702582 | ||
| 003 | BR-BrBNA | ||
| 005 | 20231205110807.0 | ||
| 007 | ta | ||
| 008 | 230509b bl.|||p| |||| 00| 00por d | ||
| 040 |
_aBR-BrBNA _bpor _cBiblioteca Nacional de Agricultura |
||
| 041 | _a(En) | ||
| 072 | _aL73; L50 | ||
| 100 | 1 | _aSantos, R. de L. | |
| 100 | 1 | _aOliveira, T. de F.B. de | |
| 100 | 1 | _aOliveira, T.S. de | |
| 100 | 1 | _aGalvão, J.F.B. | |
| 100 | 1 | _aPaixão, T.A. da | |
| 100 | 1 | _aGoloubeff, B. | |
| 245 | 1 | _aCholelithiasis with atrophy of the right lateral hepatic lobe in a horse | |
| 650 | _aCAVALO | ||
| 650 | _aCÓLICA | ||
| 650 | _aANÁLISE QUÍMICA | ||
| 650 | _aFÍGADO | ||
| 650 | _aDOENÇA ANIMAL | ||
| 773 | 0 |
_tCiência Rural (Brazil) _xISSN 0103-8478 _g(Mar-Apr 2007), v. 37(2) p. 586-589 _wBR0702582 |
|
| 909 |
_a202311 _bLúcia _c55 _dLúcia Elande |
||
| 942 |
_2AGRIS _n0 _cANA |
||
| 999 |
_c189091 _d189091 |
||